[Event "Krakow-ch 3rd"]
[Site "Krakow"]
[Date "2012.08.10"]
[Round "3.12"]
[White "Gola, Karol"]
[Black "Rzeznik, Lukasz"]
[Result "1-0"]
[WhiteElo "2183"]
[BlackElo "2000"]
[PlyCount "95"]
[EventDate "2012.08.08"]
[EventType "swiss"]
[EventRounds "9"]
[EventCountry "POL"]
[SourceTitle "EXT 2023"]
[Source "ChessBase"]
[SourceDate "2022.10.05"]
[SourceVersion "1"]
[SourceVersionDate "2022.10.05"]
[SourceQuality "1"]

1. e4 c5 2. Nf3 Nc6 3. Bb5 g6 4. Bxc6 dxc6 5. d3 Bg7 6. h3 Nf6 7. Nc3 Nd7 8. Be3 e5 9. Qd2 Qe7 10. Bh6 f6 11. 0-0 Nf8 12. Ne2 Ne6 13. Bxg7 Qxg7 14. c3 Bd7 15. d4 cxd4 16. cxd4 exd4 17. Nfxd4 0-0-0 18. Qe3 Kb8 19. Rfd1 Rhe8 20. Nc3 Bc8 21. Rd2 Nxd4 22. Rxd4 Rxd4 23. Qxd4 Qe7 24. Rd1 f5 25. exf5 Bxf5 26. g4 Bc8 27. Qd6+ Qxd6 28. Rxd6 Kc7 29. Rd2 Re1+ 30. Kh2 Be6 31. f3 g5 32. a3 Re5 33. Kg3 Bd5 34. Rd3 h6 35. f4 gxf4+ 36. Kxf4 Kd6 37. h4 Ke6 38. Nxd5 cxd5 39. Re3 Rxe3 40. Kxe3 Ke5 41. g5 hxg5 42. hxg5 Kf5 43. Kd4 Kxg5 44. Kxd5 Kf4 45. Kd6 Ke4 46. Kc7 b5 47. b4 Kd5 48. Kb7 1-0

[Event "Krakow U20"]
[Site "Krakow"]
[Date "2008.03.02"]
[Round "5"]
[White "Tomsia, Kamil"]
[Black "Rzeznik, Lukasz"]
[Result "1-0"]
[WhiteElo "2042"]
[BlackElo "2119"]
[PlyCount "65"]
[EventDate "2008.03.01"]
[EventType "swiss"]
[EventRounds "5"]
[EventCountry "POL"]
[SourceTitle "EXT 2010"]
[Source "ChessBase"]
[SourceDate "2010.11.25"]
[SourceVersion "1"]
[SourceVersionDate "2010.11.25"]
[SourceQuality "1"]

1. d4 Nf6 2. c4 g6 3. Nc3 d5 4. cxd5 Nxd5 5. e4 Nxc3 6. bxc3 Bg7 7. Bb2 0-0 8. Nf3 Nd7 9. Bd3 c6 10. 0-0 Nb6 11. Qc2 Bg4 12. Nd2 c5 13. d5 f5 14. f3 fxe4 15. fxe4 Qd6 16. c4 Be5 17. Kh1 g5 18. Rae1 Nd7 19. Bxe5 Nxe5 20. Re3 Rf4 21. Rg3 h5 22. h3 h4 23. Rxg4 Rxg4 24. hxg4 Nxg4 25. Nf3 Qg3 26. Qd2 Kh8 27. Qxg5 Nf2+ 28. Rxf2 Qxf2 29. e5 Qg3 30. Qh6+ Kg8 31. Bh7+ Kf7 32. Bg6+ Qxg6 33. Ng5+ 1-0

[Event "Zlota Wieza op 49th"]
[Site "Gniezno"]
[Date "2007.05.26"]
[Round "9"]
[White "Malec, Radoslaw"]
[Black "Rzeznik, Lukasz"]
[Result "0-1"]
[WhiteElo "1915"]
[BlackElo "2073"]
[PlyCount "82"]
[EventDate "2007.05.20"]
[EventType "swiss"]
[EventRounds "9"]
[EventCountry "POL"]
[SourceTitle "EXT 2011"]
[Source "ChessBase"]
[SourceDate "2010.11.26"]
[SourceVersion "1"]
[SourceVersionDate "2010.11.26"]
[SourceQuality "1"]

1. e4 c5 2. c3 Nf6 3. e5 Nd5 4. d4 cxd4 5. Qxd4 e6 6. Nf3 Nc6 7. Qe4 d6 8. Nbd2 dxe5 9. Nxe5 Nxe5 10. Qxe5 Bd7 11. Ne4 Qb8 12. Qh5 Be7 13. Ng5 Qe5+ 14. Be2 g6 15. Qg4 Nxc3 16. Nxf7 Qxe2+ 17. Qxe2 Nxe2 18. Nxh8 Nxc1 19. Rxc1 Bc6 20. 0-0 Bf6 21. Nxg6 hxg6 22. Rfe1 Kd7 23. b3 Bd5 24. h3 a5 25. Red1 b5 26. Rc5 b4 27. g4 Bc3 28. a3 Kd6 29. axb4 axb4 30. Rc4 Rh8 31. Rd3 Ra8 32. Rd1 g5 33. f4 gxf4 34. Rxf4 Ke5 35. Rf7 Bxb3 36. Rd3 Bd4+ 37. Kh2 Bc2 38. Rd2 b3 39. Rb7 Ke4 40. g5 Ke3 41. Rg2 Be5+ 0-1

[Event "Zlota Wieza op 49th"]
[Site "Gniezno"]
[Date "2007.05.23"]
[Round "5"]
[White "Rzeznik, Lukasz"]
[Black "Turowski, Piotr"]
[Result "1/2-1/2"]
[WhiteElo "2073"]
[BlackElo "1956"]
[PlyCount "64"]
[EventDate "2007.05.20"]
[EventType "swiss"]
[EventRounds "9"]
[EventCountry "POL"]
[SourceTitle "EXT 2011"]
[Source "ChessBase"]
[SourceDate "2010.11.26"]
[SourceVersion "1"]
[SourceVersionDate "2010.11.26"]
[SourceQuality "1"]

1. e4 c5 2. Nf3 e6 3. d4 cxd4 4. Nxd4 Nc6 5. Nc3 Nf6 6. Ndb5 d6 7. Bf4 e5 8. Bg5 a6 9. Na3 b5 10. Nd5 Rb8 11. Bd3 Be6 12. 0-0 Be7 13. Bxf6 Bxf6 14. c3 Bxd5 15. exd5 Ne7 16. Qf3 0-0 17. Nc2 Bg5 18. Ne3 g6 19. h4 Bxh4 20. Qg4 Bf6 21. a4 Bg7 22. axb5 axb5 23. Qb4 f5 24. Ra6 Nc8 25. Rfa1 f4 26. Nc2 f3 27. g3 Qg5 28. Ne1 Rf4 29. Be4 Bf8 30. Nxf3 Qg4 31. Nh2 Qg5 32. Nf3 Qg4 1/2-1/2

[Event "POL-chT 2nd League"]
[Site "Lublin"]
[Date "2006.09.02"]
[Round "1.76"]
[White "Rzeznik, Lukasz"]
[Black "Rams, Michal"]
[Result "0-1"]
[WhiteElo "2107"]
[BlackElo "2194"]
[PlyCount "50"]
[EventDate "2006.09.02"]
[EventType "team-swiss"]
[EventRounds "9"]
[EventCountry "POL"]
[SourceTitle "EXT 2019"]
[Source "ChessBase"]
[SourceDate "2018.10.10"]
[SourceVersion "1"]
[SourceVersionDate "2018.10.10"]
[SourceQuality "1"]
[WhiteTeam "Myslenice MLKSz"]
[BlackTeam "Warszawa YMCA"]
[WhiteTeamCountry "POL"]
[BlackTeamCountry "POL"]

1. e4 e6 2. d4 d5 3. Nc3 Bb4 4. Nge2 dxe4 5. a3 Be7 6. Nxe4 Nf6 7. N2c3 Nc6 8. Be3 b6 9. g3 Bb7 10. Bg2 Qd7 11. 0-0 0-0-0 12. Ng5 Rhf8 13. d5 Nxd5 14. Nxd5 Bxg5 15. Bxg5 f6 16. Bxf6 gxf6 17. Nf4 Nd4 18. Bxb7+ Kxb7 19. c3 e5 20. Nh5 Nc6 21. Qxd7 Rxd7 22. Rad1 Kc8 23. Kg2 Na5 24. Rfe1 Rxd1 25. Rxd1 Nc4 0-1

[Event "POL-chT2 South U19"]
[Site "Rudnik"]
[Date "2000.??.??"]
[Round "10.1"]
[White "Bojdol, Robert"]
[Black "Rzeznik, Lukasz"]
[Result "0-1"]
[WhiteElo "2073"]
[BlackElo "2107"]
[PlyCount "53"]
[EventDate "2000.07.20"]
[EventType "team-swiss"]
[EventRounds "10"]
[EventCountry "POL"]
[SourceTitle "EXT 2005"]
[Source "ChessBase"]
[SourceDate "2004.11.15"]
[SourceVersion "1"]
[SourceVersionDate "2004.11.15"]
[SourceQuality "1"]
[WhiteTeam "POL-chT2 South U19 3"]
[BlackTeam "Krakow Korona U19"]
[WhiteTeamCountry "POL"]
[BlackTeamCountry "POL"]

1. e4 c6 2. d4 d5 3. exd5 cxd5 4. c4 Nf6 5. Nc3 g6 6. Qb3 Bg7 7. cxd5 0-0 8. g3 e6 9. Bg2 Nxd5 10. Nxd5 exd5 11. Be3 Qa5+ 12. Qc3 Qb5 13. a4 Qc6 14. Ne2 Be6 15. 0-0 Rd8 16. Qd2 Qd7 17. Rfe1 Bh3 18. Bh1 Bf5 19. Nc3 Be6 20. Rac1 Nc6 21. Ne2 Bf8 22. Bg5 Re8 23. Red1 Bg4 24. f3 Bf5 25. Bf4 Bb4 26. Nc3 h5 27. Bg2 0-1

[Event "POL-chT 2nd div South"]
[Site "Polanica Zdroj"]
[Date "1999.??.??"]
[Round "1"]
[White "Rzeznik, Lukasz"]
[Black "Luksik, Mateusz"]
[Result "1-0"]
[WhiteElo "2020"]
[BlackElo "2157"]
[PlyCount "40"]
[EventDate "1999.09.17"]
[EventType "team-swiss"]
[EventRounds "10"]
[EventCountry "POL"]
[SourceTitle "EXT 2001"]
[Source "ChessBase"]
[SourceDate "2000.11.22"]
[SourceVersion "1"]
[SourceVersionDate "2000.11.22"]
[SourceQuality "1"]
[WhiteTeam "POL-chT 2nd div South 08"]
[BlackTeam "POL-chT 2nd div South 24"]
[WhiteTeamCountry "POL"]
[BlackTeamCountry "POL"]

1. e4 c5 2. Nf3 d6 3. Bb5+ Bd7 4. Bxd7+ Qxd7 5. 0-0 Nc6 6. c3 Nf6 7. d4 Nxe4 8. d5 Nb8 9. Re1 Nf6 10. Bg5 Qf5 11. c4 Nbd7 12. Qa4 e5 13. dxe6 fxe6 14. Nc3 a6 15. Bxf6 gxf6 16. Nh4 Qg4 17. Re4 Qg8 18. Rae1 0-0-0 19. Rxe6 Ne5 20. Re8 Qxc4 1-0

[Event "POL-chT 2nd div South"]
[Site "Polanica Zdroj"]
[Date "1999.??.??"]
[Round "3"]
[White "Wlodarczyk, Oskar"]
[Black "Rzeznik, Lukasz"]
[Result "1-0"]
[WhiteElo "2088"]
[BlackElo "2020"]
[PlyCount "40"]
[EventDate "1999.09.17"]
[EventType "team-swiss"]
[EventRounds "10"]
[EventCountry "POL"]
[SourceTitle "EXT 2001"]
[Source "ChessBase"]
[SourceDate "2000.11.22"]
[SourceVersion "1"]
[SourceVersionDate "2000.11.22"]
[SourceQuality "1"]
[WhiteTeam "POL-chT 2nd div South 07"]
[BlackTeam "POL-chT 2nd div South 08"]
[WhiteTeamCountry "POL"]
[BlackTeamCountry "POL"]

1. e4 e5 2. Nf3 Nf6 3. d4 Nxe4 4. Bd3 d5 5. Nxe5 Nd7 6. Qe2 Nxe5 7. Bxe4 dxe4 8. Qxe4 Be6 9. Qxe5 Qd7 10. 0-0 0-0-0 11. Be3 Bd6 12. Qa5 a6 13. Nd2 Bd5 14. f4 Qc6 15. c4 Bxg2 16. Qf5+ Kb8 17. d5 Qe8 18. Rfe1 g6 19. Qg4 f5 20. Qxg2 Qf8 1-0